|
|
|
|
| LEADER |
00000nas a22000005 4500 |
| 001 |
ssj0000702116 |
| 003 |
WaSeSS |
| 005 |
20200512172242.0 |
| 006 |
m d |
| 007 |
cr n |
| 008 |
800721c19639999oncbx p s 0 a0eng |
| 010 |
|
|
|a cn 83311310
|
| 016 |
|
|
|a (AMICUS)000001645716
|
| 016 |
7 |
|
|a 417073-8
|2 DE-600
|
| 022 |
|
|
|a 0030-3577
|y 0030-3577
|
| 035 |
|
|
|a (WaSeSS)ssj0000702116
|
| 040 |
|
|
|a NLC
|b eng
|c NLC
|d OCLCO
|d CEF
|d DLC
|d AIP
|d NST
|d IUL
|d NYP
|d B2Q
|d CUS
|d GUA
|d HEBIS
|d DEBBG
|d OCLCF
|d GILDS
|d WaSeSS
|
| 042 |
|
|
|a nlc
|a isds/c
|
| 050 |
0 |
|
|a ML5
|b .O6715
|
| 084 |
|
|
|a cci1icc
|2 lacc
|
| 084 |
|
|
|a coll5
|2 lacc
|
| 210 |
0 |
|
|a Opera Can.
|
| 222 |
|
0 |
|a Opera Canada
|
| 245 |
0 |
0 |
|a Opera Canada
|h [electronic resource].
|
| 260 |
|
|
|a Toronto,
|b Canadian Opera Association.
|
| 310 |
|
|
|a Five times a year,
|b 200
|
| 321 |
|
|
|a Quarterely,
|b Sept. 1963-200-
|
| 362 |
0 |
|
|a v. 4, no. 3- Sept. 1963-
|
| 506 |
|
|
|a License restrictions may limit access.
|
| 550 |
|
|
|a Vols. for <Dec. 1964>-Feb. 1966 published by the Canadian Opera Guild; by the Canadian Opera Association.
|
| 650 |
|
0 |
|a Opera
|z Canada
|v Periodicals.
|
| 650 |
|
0 |
|a Opera
|v Periodicals.
|
| 650 |
|
7 |
|a Opera.
|2 fast
|0 (OCoLC)fst01046145
|
| 650 |
|
6 |
|a Opéra
|z Canada
|v Périodiques.
|
| 650 |
|
6 |
|a Opéra
|v Périodiques.
|
| 651 |
|
7 |
|a Canada.
|2 fast
|0 (OCoLC)fst01204310
|
| 655 |
|
0 |
|a Electronic journals.
|
| 710 |
2 |
|
|a Canadian Opera Association.
|
| 710 |
2 |
|
|a Canadian Opera Guild.
|
| 776 |
1 |
|
|t Opera canada.
|d Ann Arbor, Mich. : University Microfilms, [19--]- .
|x 0030-3577
|w (OCoLC)13992199
|w (CaOONL) 860300943
|w (DLC)cn 86030094
|
| 780 |
0 |
0 |
|t Opera in Canada.
|d Toronto, Canadian Opera Guild.
|x 0030-3577
|w (OCoLC)1761318
|w (DLC)cn 76317822
|
| 853 |
2 |
0 |
|8 1
|a v.
|b no.
|u 5
|v r
|w 5
|
| 856 |
4 |
0 |
|z Full text available from Research Library: 07/01/1993 to 04/30/2013
|u https://search.proquest.com/publication/34395
|
| 863 |
4 |
1 |
|8 1.1
|a <41>
|b <1>
|i <2000>
|